1554 1956 1004 1843 1269 1892 1483 1822 1767 1789 1853 1618 1342 1276 1776 1365 1739 1123 1646 1745 1087 1627 1431 1015 1864 1303 1829 1984 1900 1952 1110 1005 1638 1592 1094 1197 1973 1752 1272 1602 1572 1853 1826 1571 1096 1401 1840 1055 1534 1760 1985 1811 1782 1361 1329 1190 1868 1301 1880 1420 1395 1183 1226 1712 1887 1390 1429 1829 1762 1265 1153 1993 1498 1715 1165 1354 1956 1796 1776 1944 1980 1533 1533 1620 1552 1387 1340 1726 1673 1216 1576 1399 1106 1714 1704 1544 1991 1092 1439 BCNSPRNW ULIB Ver.6.0+V

เปลี่ยนเป็นภาษาไทย

Change to English
 แสดงรายละเอียดบรรณานุกรม
  กลับหน้าหลัก

Brief Record : Get Marc (ISO 2709) : E-mail record : QR code < ปิดหน้าต่าง
LEADER : 00000nam 2200000uu 4500
001    13399112895
003     ULIB
008    110916s2553||||th 000 0 tha d
020    9786165000284
090    นว.^bล258พ 2553
100 0  ลัลล์ลลิล
245 00 เพลิงพิรุณ/^cลัลล์ลลิล
250    พิมพ์ครั้งที่ 1
260    กรุงเทพฯ :^bพิมพ์คำ,^c2553
300    447 หน้า
945    ^p260^l0^i16988
995    กัณชพร
999    ^aใช้งานได้ทุกระบบ
รายการนี้ยังไม่มีแท็ก
คุณยังไม่ได้ล็อกอิน คุณสามารถมีกิจกรรมร่วมกับเว็บไซต์ได้ แต่ต้องล็อกอินก่อน ::
  ล็อกอิน

รายการสื่อสารสนเทศ

ลำดับที่ ประเภท เลขเรียก/บาร์โค้ด สถานที่ สถานะ
1. วิทยาศาสตร์การแพทย์ และสุขภาพ
วิทยาศาสตร์การแพทย์ และสุขภาพ
นว. ล258พ 2553  
  Barcode: 16988
ห้องสมุดวิทยาเขตสวรรค์ประชารักษ์
►นวนิยาย
บนชั้น
  ขอยืม

รายการใกล้เคียง
    ผู้แต่ง [ลัลล์ลลิล]

BibComment


ยังไม่เคยถูกคอมเมนท์

คอมเมนท์ทรัพยากรรายการนี้
  คอมเมนท์: เพลิงพิรุณ ลัลล์ล..


 Copyright 2026. Bcnsprnw @Library